Object oriented modeling and design with UML (Record no. 197118)
[ view plain ]
| 000 -LEADER | |
|---|---|
| fixed length control field | 00548nam a2200205Ia 4500 |
| 003 - CONTROL NUMBER IDENTIFIER | |
| control field | OSt |
| 005 - DATE AND TIME OF LATEST TRANSACTION | |
| control field | 20250125103741.0 |
| 008 - FIXED-LENGTH DATA ELEMENTS--GENERAL INFORMATION | |
| fixed length control field | 231217s9999 xx 000 0 und d |
| 020 ## - INTERNATIONAL STANDARD BOOK NUMBER | |
| International Standard Book Number | 9788131711064 |
| 040 ## - CATALOGING SOURCE | |
| Transcribing agency | 0 |
| 041 ## - LANGUAGE CODE | |
| Language code of text/sound track or separate title | English |
| 082 ## - DEWEY DECIMAL CLASSIFICATION NUMBER | |
| Classification number | 001.6424UML BLA;33 |
| 100 ## - MAIN ENTRY--PERSONAL NAME | |
| Personal name | Blaha, Michael R, Rumbaugh, James R. |
| 245 #0 - TITLE STATEMENT | |
| Title | Object oriented modeling and design with UML |
| 250 ## - EDITION STATEMENT | |
| Edition statement | 2nd ed. |
| 260 ## - PUBLICATION, DISTRIBUTION, ETC. | |
| Date of publication, distribution, etc. | 2005 |
| Name of publisher, distributor, etc. | Darling Kindersley |
| Place of publication, distribution, etc. | New Delhi |
| 300 ## - PHYSICAL DESCRIPTION | |
| Extent | xvii, 477 |
| 650 ## - SUBJECT ADDED ENTRY--TOPICAL TERM | |
| Topical term or geographic name entry element | Object,oriented,modeling,UML |
| 942 ## - ADDED ENTRY ELEMENTS (KOHA) | |
| Koha item type | Books |
| Source of classification or shelving scheme | Dewey Decimal Classification |
| Date last seen | Total checkouts | Full call number | Accession number | Date last checked out | Cost, total (INR) price | Price effective from | Category | Public note | Lost status | Damaged status | Department | Withdrawn status | Home library | Current library | Shelving location | Entry date | Vendor | Cost, normal purchase price | Grants | Billnumber | Currency symbol | Conversion rate | Discount | Old discount |
|---|---|---|---|---|---|---|---|---|---|---|---|---|---|---|---|---|---|---|---|---|---|---|---|---|
| 26/03/2026 | 2 | 001.6424UML BLA;33 | 90348 | 30/12/2025 | 519.20 | 26/01/2024 | Books | SC-ST, 2101 | Central Library | Central Library | Central Library | Central Library | 08/02/2016 | Sapna Book House | 649.00 | SC-ST | SBH/CRB/099587 | RS | 1 | 129.8 | 20 | |||
| 26/01/2024 | 001.6424UML BLA;34 | 90349 | 519.20 | 26/01/2024 | Books | SC-ST, 2102 | Central Library | Central Library | Central Library | Central Library | 08/02/2016 | Sapna Book House | 649.00 | SC-ST | SBH/CRB/099587 | RS | 1 | 129.8 | 20 | |||||
| 27/01/2025 | 1 | 001.6424UML BLA;35 | 90350 | 10/01/2025 | 519.20 | 26/01/2024 | Books | SC-ST, 2103 | Central Library | Central Library | Central Library | Central Library | 08/02/2016 | Sapna Book House | 649.00 | SC-ST | SBH/CRB/099587 | RS | 1 | 129.8 | 20 |
